00687nam a2200193Ia 4500999001500000020001800015082001700033245006300050260004500113300001500158504001900173650003500192650002100227650003500248700002300283700002000306942000700326952016000333 c6087d6087 a9780195687729 a320.954 DEC- 0aDecentralization: institutions and politics in rural India aNew DelhibOxford University Pressc2007 axviii, 441 aincludes index aDecentralization in government aLocal government aIndiavPolitics and government aSharma, Pradeep K. aSingh, Satyajit cBK 00104070aNASSDOCbNASSDOCd2008-05-29eGifted by : United Nations Information Ci2008-05-09l0o320.954 DEC-p44396r2019-04-18 00:00:00w2019-04-18yBK